Studies : (Record no. 11685)
[ view plain ]
| 000 -LEADER | |
|---|---|
| fixed length control field | 00821nam a2200265 a 4500 |
| 001 - CONTROL NUMBER | |
| control field | 11685 |
| 003 - CONTROL NUMBER IDENTIFIER | |
| rucl marc code | BD-RjUL |
| 005 - DATE AND TIME OF LATEST TRANSACTION | |
| control field | 20211208235151.0 |
| 008 - FIXED-LENGTH DATA ELEMENTS--GENERAL INFORMATION | |
| fixed length control field | 500101s1927 enk b 001 0 eng d |
| 035 ## - SYSTEM CONTROL NUMBER | |
| System control number | (BD-RjUL)11734 |
| 040 ## - CATALOGING SOURCE | |
| Original cataloging agency | BD-RjUL |
| Transcribing agency | BD-RjUL |
| Modifying agency | BD-RjUL |
| Language of cataloging | eng |
| 041 ## - LANGUAGE CODE | |
| Language code of text/sound track or separate title | eng |
| 082 ## - DEWEY DECIMAL CLASSIFICATION NUMBER | |
| Edition number | 23 |
| Classification number | 915.3 |
| Author mark and year | BUS 1927 |
| 100 1# - MAIN ENTRY--PERSONAL NAME | |
| Personal name | Bukhsh, S. Khuda. |
| 9 (RLIN) | 221801 |
| 245 10 - TITLE STATEMENT | |
| Title | Studies : |
| Remainder of title | Indian and Islamic / |
| Statement of responsibility, etc. | by S. Khuda Bukhsh |
| 260 ## - PUBLICATION, DISTRIBUTION, ETC. (IMPRINT) | |
| Place of publication, distribution, etc. | London : |
| Name of publisher, distributor, etc. | Kegan Paul, Trench, Trübner, |
| Date of publication, distribution, etc. | 1927 |
| 300 ## - PHYSICAL DESCRIPTION | |
| Pagination | xii, 275 p. ; |
| Size | 21 cm |
| 490 ## - SERIES STATEMENT | |
| Series statement | Trübner's oriental series. |
| 504 ## - BIBLIOGRAPHY, ETC. NOTE | |
| Bibliography, etc | Includes bibliographical references and index |
| 650 #0 - SUBJECT ADDED ENTRY--TOPICAL TERM | |
| Topical term or geographic name as entry element | Islamic civilization |
| 9 (RLIN) | 221802 |
| Topical term or geographic name as entry element | Religion. |
| 9 (RLIN) | 221805 |
| 651 #0 - SUBJECT ADDED ENTRY--GEOGRAPHIC NAME | |
| Geographic name | India |
| General subdivision | Religion |
| 9 (RLIN) | 221803 |
| 830 #0 - SERIES ADDED ENTRY--UNIFORM TITLE | |
| Uniform title | Trübner's oriental series. |
| 942 ## - ADDED ENTRY ELEMENTS (KOHA) | |
| Source of classification or shelving scheme | Dewey Decimal Classification |
| Koha item type | Rare Books |
| Lost status | Source of classification or shelving scheme | Damaged status | Not for loan | Collection code | Permanent Location | Current Location | Shelving location | Date acquired | Source of acquisition | Cost, normal purchase price | Total Checkouts | Full call number | Date last seen | Copy number | Koha item type |
|---|---|---|---|---|---|---|---|---|---|---|---|---|---|---|---|
| Dewey Decimal Classification | Not For Loan | Rare Books | Central Library, University of Rajshahi | Central Library, University of Rajshahi | Rare Book Section | 26/11/1966 | A. I. Qureshi | 14.40 | RA 915.3 BUS 1927 | 18/07/2018 | C-1 | Rare Books |